Normal view
MARC view
- Chenery, H. B Robinson, S Syrquin, M
Entry Personal Name
001 - CONTROL NUMBER
- control field: 73999
003 - CONTROL NUMBER IDENTIFIER
- control field: NUST
005 - DATE AND TIME OF LATEST TRANSACTION
- control field: 20210628205120.0
008 - FIXED-LENGTH DATA ELEMENTS
- fixed length control field: 210628|| aca||aabn | a|a d
040 ## - CATALOGING SOURCE
- Original cataloging agency: NUST
- Transcribing agency: NUST
100 ## - HEADING--PERSONAL NAME
- Personal name: Chenery, H. B Robinson, S Syrquin, M
670 ## - SOURCE DATA FOUND
- Source citation: Work cat.: (NUST): Chenery, H. B Robinson, S Syrquin, M, Industrialization and growth a comparative study, 1986
